West Bromwich Albion: The Premier League Years - Statistics

General Stats
  • This quiz has been taken 82 times
  • The average score is 17 of 41
Answer Stats
Answer % Correct
Chris Brunt
77%
Sam Allardyce
71%
Tony Pulis
68%
Ben Foster
65%
James Morrison
61%
Romelu Lukaku
61%
Roy Hodgson
61%
Slaven Bilić
59%
Peter Odemwingie
58%
Salomón Rondón
58%
Alan Pardew
56%
Bryan Robson
55%
Matheus Pereira
52%
Saido Berahino
52%
Gareth McAuley
48%
Sam Johnstone
48%
Steve Clarke
48%
Gary Megson
47%
Jake Livermore
47%
Zoltán Gera
47%
Jonny Evans
45%
Pepe Mel
45%
Roberto Di Matteo
44%
Craig Dawson
41%
Darren Fletcher
41%
Jay Rodriguez
39%
Alan Irvine
36%
Tony Mowbray
35%
Youssouf Mulumbu
33%
Jonathan Greening
32%
Scott Carson
26%
Jason Koumas
23%
Ahmed Hegazi
21%
Neil Clement
21%
Robert Earnshaw
21%
Kevin Campbell
20%
Russell Hoult
18%
Ronnie Wallwork
15%
Danny Dichio
14%
Nathan Ellington
14%
Sean Gregan
11%
No matching quizzes found
Score Distribution
Percent of People with Each Score
Percentile by Number Answered
Your Score History
You have not taken this quiz